Movies Quiz

Random Movies or Oscar Quiz

30 in 60: Best Picture Winners Quiz Stats

Quiz Updated Jul 21, 2017

Challenge
Share
Tweet
Embed
Score 0/30 Timer 01:00
90 Plays Today
% Correct
Wind
84.9%
Gump
84.9%
List
84.8%
Millionaire
84.5%
Lambs
84.5%
Story
84.4%
80 Days
84.4%
Lady
84%
Music
83.6%
Baby
83.5%
Slave
83.3%
Cuckoo's Nest
83%
Old Men
82.8%
Wolves
82.4%
Love
82.3%
% Correct
Kramer
82.1%
Arabia
82%
Daisy
82%
Locker
81.4%
Speech
80.9%
Fire
80.2%
The Return of the King
80%
Mind
79.4%
Part II
78.3%
Beauty
76.9%
Kwai
76.3%
Connection
75.8%
Patient
75.5%
Night
74.8%
People
72.3%

You're not logged in!

Compare scores with friends on all Sporcle quizzes.
Sign Up with Email
OR
Log In

You Might Also Like...

Show Comments

Extras

Top Quizzes Today


Score Distribution

Your Account Isn't Verified!

In order to create a playlist on Sporcle, you need to verify the email address you used during registration. Go to your Sporcle Settings to finish the process.